<?xml version="1.0" encoding="UTF-8"?>
<collection xmlns="http://www.loc.gov/MARC21/slim">
 <record>
  <leader>00942cam a2200289 7i4500</leader>
  <controlfield tag="001">0000007332</controlfield>
  <controlfield tag="005">20150325090000.0</controlfield>
  <controlfield tag="003">  iicp-my</controlfield>
  <controlfield tag="005">  20030415131600.0</controlfield>
  <controlfield tag="008">000000                       00         </controlfield>
  <datafield tag="020" ind1=" " ind2=" ">
   <subfield code="a">0760010714 </subfield>
  </datafield>
  <datafield tag="039" ind1=" " ind2="9">
   <subfield code="a">200304151316</subfield>
   <subfield code="b">aizura</subfield>
   <subfield code="y">200212042149</subfield>
   <subfield code="z">VLOAD</subfield>
  </datafield>
  <datafield tag="090" ind1="0" ind2="0">
   <subfield code="a">005.2 </subfield>
   <subfield code="b">ZAK</subfield>
  </datafield>
  <datafield tag="100" ind1=" " ind2=" ">
   <subfield code="a">Zak, Diane </subfield>
  </datafield>
  <datafield tag="245" ind1="0" ind2="0">
   <subfield code="a">Programming with Microsoft : </subfield>
   <subfield code="b">visual basic 6.0  </subfield>
   <subfield code="c">by  Diane Zak.</subfield>
  </datafield>
  <datafield tag="260" ind1=" " ind2=" ">
   <subfield code="a">Cambridge: </subfield>
   <subfield code="b">Course Technology, </subfield>
   <subfield code="c">c1999.</subfield>
  </datafield>
  <datafield tag="300" ind1=" " ind2=" ">
   <subfield code="a">xvi, 862 p.: </subfield>
   <subfield code="b">ill..</subfield>
  </datafield>
  <datafield tag="500" ind1=" " ind2=" ">
   <subfield code="a">Includes index</subfield>
  </datafield>
  <datafield tag="650" ind1=" " ind2="0">
   <subfield code="a">BASIC (Computer program language). </subfield>
  </datafield>
  <datafield tag="650" ind1=" " ind2="0">
   <subfield code="a">Microsoft Visual BASIC. </subfield>
  </datafield>
  <datafield tag="999" ind1=" " ind2=" ">
   <subfield code="a">1000012305</subfield>
   <subfield code="b">Book</subfield>
   <subfield code="c">White Spot</subfield>
  </datafield>
  <datafield tag="999" ind1=" " ind2=" ">
   <subfield code="a">1000017178</subfield>
   <subfield code="b">Book</subfield>
   <subfield code="c">White Spot</subfield>
  </datafield>
  <datafield tag="999" ind1=" " ind2=" ">
   <subfield code="a">1000017179</subfield>
   <subfield code="b">Book</subfield>
   <subfield code="c">Yellow Spot</subfield>
  </datafield>
  <datafield tag="999" ind1=" " ind2=" ">
   <subfield code="a">1000017181</subfield>
   <subfield code="b">Book</subfield>
   <subfield code="c">White Spot</subfield>
  </datafield>
  <datafield tag="999" ind1=" " ind2=" ">
   <subfield code="a">1000018098</subfield>
   <subfield code="b">Book</subfield>
   <subfield code="c">White Spot</subfield>
  </datafield>
  <datafield tag="999" ind1=" " ind2=" ">
   <subfield code="a">1000018099</subfield>
   <subfield code="b">Book</subfield>
   <subfield code="c">White Spot</subfield>
  </datafield>
  <datafield tag="999" ind1=" " ind2=" ">
   <subfield code="a">1000019507</subfield>
   <subfield code="b">Book</subfield>
   <subfield code="c">White Spot</subfield>
  </datafield>
 </record>
</collection>
